00709nam a2200193 a 450000100100000000500170001000800410002702000150006804000250008304000250010810000470013324500740018026000300025430000460028449000280033083000350035895201050039399900170049800004335420230519124859.0140311s1981 sp 000 0 spa d a8472224414 aDO-SdBNPbspacBNPHU aDO-SdBNPbspacBNPHU1 aCobb, Christopherq(Christopher H.)97100513aLa Cultura y el Pueblo :bEspaña, 1930-1939 /cChristopher H. Cobb. aBarcelona :bLaia,c1981. a471 p., [16] p. :bil., láms. ;c21 cm.1 aPapel 451. Historiav52 0aPapel 451. Historiav52971006 001050718MOaGRbGRcCTd2014-03-11iLF1l0o p43354-10r2020-06-25w2020-06-25y1ZNo se presta c42843d42843